000 00493nam a22001697a 4500
003 OSt
005 20251218060757.0
008 251218b |||||||| |||| 00| 0 eng d
020 _a971-542-319-1
040 _aDWCL-Main lib.
_cOC
082 _aFic. L456s 2001
100 _aLazaro, Francisco
245 _aSingsing na pangkasal/
_cFrancisco Lazaro
260 _aQ.C. :
_b University of the Philippines Press,
_cc2001.
300 _avi, 346 p. ;
_c 23 cm.
942 _2ddc
_cFIC.
_hFic.
_n0
999 _c7195
_d7195